Normal view
MARC view
- الشرفات، سعود فياض
Entry Personal Name
001 - CONTROL NUMBER
- control field: 50273
003 - CONTROL NUMBER IDENTIFIER
- control field: JO-AjAnu
005 - DATE AND TIME OF LATEST TRANSACTION
- control field: 20230606082258.0
008 - FIXED-LENGTH DATA ELEMENTS
- fixed length control field: 230606|| aca||aabn | a|a d
040 ## - CATALOGING SOURCE
- Original cataloging agency: JO-AjAnu
- Transcribing agency: JO-AjAnu
100 ## - HEADING--PERSONAL NAME
- Personal name: الشرفات، سعود فياض
670 ## - SOURCE DATA FOUND
- Source citation: Work cat.: (JO-AjAnu)25703: الشرفات، سعود فياض, author, العولمة والإرهاب : عالم مسطح أم وديان عميقة